Sports Quiz

Random Sports or Basketball Quiz

Colleges with 3+ First Round NBA Draft Picks Quiz Stats

 Plays Quiz not verified by Sporcle

Score 0/46 Timer 06:00
4 Plays Today
Years College % Correct
1992-1995Duke
96.2%
2001-2004Duke
96.2%
2011-2019Duke
96.2%
1969-1971UCLA
94.3%
1973-1980UCLA
94.3%
2006-2009UCLA
94.3%
2013-2015UCLA
94.3%
1996-2000Kentucky
91.1%
2010-2019Kentucky
91.1%
2006-2008Texas
89.4%
1976-1982North Carolina
87%
1991-1995North Carolina
87%
2017-2019Texas
85.2%
2010-2015Kansas
83.7%
1988-1990Michigan
82.4%
2016-2019Michigan
82.4%
1980-1982Ohio State
80.3%
2007-2010Ohio State
80.3%
1993-1995Arizona
76.2%
2013-2015Arizona
76.2%
2008-2010Memphis
76%
1990-1992Syracuse
72.1%
2012-2017Syracuse
72.1%
Years College % Correct
2008-2010Syracuse
72.1%
2007-2009USC
71.8%
2004-2006Connecticut
71.2%
1982-1984Houston
70.5%
1997-1999Utah
68.1%
1993-1995Florida State
68.1%
2015-2017Utah
68.1%
1984-1986Michigan State
67.4%
2005-2007Washington
64.2%
2002-2004Oregon
63.3%
1991-1993UNLV
61.9%
1985-1987St. John's
59.3%
1998-2000St. John's
59.3%
1989-1991Louisville
49.9%
2000-2002Stanford
48%
1989-1993Georgia Tech
48%
1998-2000Georgia Tech
48%
1981-1983Arizona State
40.2%
1997-2000Minnesota
37.9%
1983-1985Arkansas
33.2%
1989-1991Temple
25.6%
1962-1964Cincinnati
24.7%
1971-1975South Carolina
22.6%

You're not logged in!

Compare scores with friends on all Sporcle quizzes.
OR
Log In

Show Comments

Extras

Top Quizzes Today


Score Distribution

Your Account Isn't Verified!

In order to create a playlist on Sporcle, you need to verify the email address you used during registration. Go to your Sporcle Settings to finish the process.

Report this User

Report this user for behavior that violates our Community Guidelines.

Details: